| 000 | 00640nam a2200205 a 4500 | ||
|---|---|---|---|
| 001 | 2769 | ||
| 003 | CDMR | ||
| 005 | 20131210165911.0 | ||
| 008 | 130130s1968||||||||||||||||||||||||||||d | ||
| 040 |
_aCDMR _bcat _cCDMR |
||
| 100 | 1 |
_aJachaturov, Karén Armenovich _92088 |
|
| 245 | 1 | 0 |
_aMedios de comunicación y opinión pública en la Unión Soviética _cKarén A. Jachaturov |
| 260 |
_aQuito _c1968 _bCIESPAL |
||
| 300 |
_a136 p. _c26 cm |
||
| 490 | 0 |
_aCIESPAL _v50 |
|
| 650 | 0 | 4 |
_94092 _aPremsa _zUnió Soviètica |
| 650 | 0 | 4 |
_94403 _aMitjans de comunicació de massa _zPaïsos comunistes |
| 650 | 0 | 4 |
_92537 _aOpinió pública |
| 942 |
_cMON _2udc |
||
| 999 |
_c2769 _d2769 |
||